000 00197nam a22000857a 4500
008 161207b xxu||||| |||| 00| 0 eng d
100 _91879
_aJun
245 _aHindi Story Book
260 _aNew Delhi
_c2006
999 _c4629
_d4629